Friedrich List (1789-1846). An unknown great american.
Gorde:
| Egile nagusia: | |
|---|---|
| Formatua: | Liburua |
| Argitaratua: |
Reutlingen, Deutschland:
Eugen Wendler,
2015.
|
| Gaiak: | |
| Etiketak: |
Etiketa erantsi
Etiketarik gabe, Izan zaitez lehena erregistro honi etiketa jartzen!
|
MARC
| LEADER | 00000nam a22000007a 4500 | ||
|---|---|---|---|
| 003 | CL-VaPUC | ||
| 005 | 20230308091147.0 | ||
| 008 | 230124t2015 ||||| |||| 00| 0 eng d | ||
| 999 | |c 439948 |d 439946 | ||
| 040 | |c Pontificia Universidad Católica de Valparaíso | ||
| 082 | 0 | 4 | |2 22 |a 330.092 WEN 2015 |
| 100 | 1 | |a Wendler, Eugen |e author |9 880101 | |
| 245 | 1 | 0 | |a Friedrich List (1789-1846). |b An unknown great american. |
| 260 | |a Reutlingen, Deutschland: |b Eugen Wendler, |c 2015. | ||
| 300 | |a 64 páginas. | ||
| 500 | |a c.1 Donación Rectoria Diciembre 2022. | ||
| 583 | |c 20230124 |k Catalogador Asistente | ||
| 600 | |a List, Friedrich |d 1789-1846 |x Biografías |9 880193 | ||
| 650 | 1 | |a Economistas alemanes |y Siglo 19 |9 880194 | |
| 650 | 1 | |a Emigrantes alemanes |z Estados Unidos |9 880195 | |
| 942 | |2 ddc |c BK | ||
| 952 | |0 0 |1 0 |2 ddc |4 0 |6 330_092000000000000_WEN_2015 |7 0 |8 A |9 588709 |a BIBENE |b BIBENE |c GEN |d 2023-01-24 |e Donación |i 5656481 |o 330.092 WEN 2015 |p 5656481 |r 2025-01-15 |t 1 |w 2023-01-24 |y BK |k ICO | ||